|
|
|
|
| LEADER |
00000cam a2200000 7i4500 |
| 001 |
0000002039 |
| 005 |
20020905.0 |
| 020 |
0 |
0 |
|a 9839592653
|
| 090 |
0 |
0 |
|a 306.0895951
|b LIM 1997
|
| 100 |
1 |
0 |
|a LIM
|h Hin Fui
|
| 245 |
1 |
0 |
|a Orang asli, forest and development
|c Lim Hin Fui
|
| 260 |
0 |
0 |
|a Kuala Lumpur :
|b Forest Research Institute Malaysia ,
|c 1997
|
| 300 |
|
|
|a xii, 187 p. :
|b ill. ;
|c 22 cm.
|
| 440 |
0 |
0 |
|a Malayan forest records; no. 43
|
| 500 |
0 |
0 |
|a Includes bibliography : p. 162-171 and index
|
| 650 |
0 |
0 |
|a Forests and forestry
|x Economic aspects
|z Peninsular Malaysia
|
| 650 |
0 |
0 |
|a Indigenous peoples
|z Peninsular Malaysia
|
| 650 |
0 |
0 |
|a Indigenous people
|x Economic aspects
|z Peninsular Malaysia
|
| 650 |
0 |
0 |
|a Indigenous people
|x Education
|z Peninsular Malaysia
|
| 650 |
0 |
0 |
|a Indigenous people
|x Land tenure
|z Peninsular Malaysia
|
| 710 |
1 |
1 |
|a Institut Penyelidikan Perhutanan Malaysia (FRIM)
|
| 998 |
|
|
|a JPSM
|
| 999 |
|
|
|a 0000003410
|b Monograph
|c Open Shelf
|e Default branch
|